| 000 | 02645cam a2200409 a 4500 | ||
|---|---|---|---|
| 001 | 17197275 | ||
| 003 | ARRUPE | ||
| 005 | 20131001142129.0 | ||
| 008 | 120306s2011 sa b 001 0 eng d | ||
| 010 | _a 2012364076 | ||
| 020 | _a9781920196356 | ||
| 020 | _a1920196358 | ||
| 035 | _a(OCoLC)ocn764558177 | ||
| 040 |
_aZ@L _beng _cZ@L _dOI@ _dEMU _dDLC |
||
| 042 |
_alccopycat _apcc |
||
| 043 | _af-rh--- | ||
| 050 | 0 | 0 |
_aDT2996 _b.Z554 2011 |
| 100 |
_aMurithi, Timothy _91877 |
||
| 245 | 0 | 0 |
_aZimbabwe in transition : _ba view from within / _cedited by Tim Murithi & Aquilina Mawadza. |
| 260 |
_aAuckland Park, South Africa : _bFanele, _c2011. |
||
| 300 |
_ax, 311 p. ; _c23 cm. |
||
| 500 | _aIn association with the Institute for Justice and Reconciliation, Sida, Royal Norwegian Embassy, Embassy of Denmark and the Kingdom of the Netherlands. | ||
| 504 | _aIncludes bibliographical references and index. | ||
| 505 | 0 | _aZimbabwe's failed transition?: an analysis of the challenges and complexities in Zimbabwe's transition to democracy in the post-2000 period / James Muzondidya -- Voices from civil society / Otto Saki and Washington Katema -- Voices from faith-based communities / Ezra Chitando and Molly Manyonganise -- The Zimbabwean diaspora: opportunities and challenges for engagement in Zimbabwe's political development and economic transformation / James Muzondidya -- The role of women in Zimbabwe's transition / Kudakwashe Chitsike -- Incising an unripe abscess: the challenges of community healing in Zimbabwe / Wellington Mbofana -- The role of the Zimbabwean media in the transition process / Juliet Thondhlana -- The youth movement and democratisation in Zimbabwe: youth bulges, contentious politics and democratic transitions / Arnold R. Chamunogwa -- Voices from Pan-African society on Zimbabwe: South Africa, the African Union and SADC / Tim Murithi and Aquilina Mawadza. | |
| 650 | 0 |
_aCivil society _zZimbabwe. _91878 |
|
| 650 | 0 |
_aDemocracy _zZimbabwe. _91879 |
|
| 651 | 0 |
_aZimbabwe _xPolitics and government _y1980- _91880 |
|
| 651 | 0 |
_aZimbabwe _xSocial conditions _y1980- _91881 |
|
| 700 | 1 |
_aMurithi, Timothy. _91882 |
|
| 700 | 1 |
_aMawadza, Aquilina. _91883 |
|
| 710 | 2 |
_aInstitute for Justice and Reconciliation (South Africa) _91884 |
|
| 856 | 4 | 2 |
_3Contributor biographical information _uhttp://www.loc.gov/catdir/enhancements/fy1209/2012364076-b.html |
| 856 | 4 | 2 |
_3Publisher description _uhttp://www.loc.gov/catdir/enhancements/fy1209/2012364076-d.html |
| 906 |
_a7 _bcbc _ccopycat _d3 _encip _f20 _gy-gencatlg |
||
| 942 |
_2lcc _cMONOGRAPH |
||
| 999 |
_c118192 _d118192 |
||